| 000 | 00640nam a2200169 i 4500 | ||
|---|---|---|---|
| 001 | 190253 | ||
| 003 | ES-MaACL | ||
| 005 | 20230906223659.0 | ||
| 008 | 201002s1891 sp |||| | spa d | ||
| 100 | 1 |
_aMartínez y Gutiérrez Pacheco, Modesto. _9129649 |
|
| 245 | 1 | 0 |
_aMemoria-resumen de la estadística sanitaria del ejército español correspondiente al año de 1888 / _cModesto Martínez Pacheco]. |
| 260 |
_aMadrid : _b[s.n.], _c1891 ( _fEstablecimiento tipográfico de E. Jaramillo y Cª) |
||
| 300 |
_a23 p. ; _c22 cm. |
||
| 594 | _aEl autor consta en p. 23. | ||
| 650 | 0 | 4 |
_aSanidad militar. _916983 |
| 852 |
_aES-MaACL _jT-538-F-6 |
||
| 999 |
_c190253 _d190253 |
||